000 00784nam a2200253Ia 4500
003 OSt
005 20221005051534.0
006 a|||||r|||| 00| 0
007 ta
008 221004b |||||||| |||| 00| 0 eng d
020 _a9781474286671 (pbk)
_cUKP 39.99
024 _a68259
037 _bBBS/39, 19/12/2019, Better Book Service
_cTextual
040 _aCRL
_cCRL
_beng
041 _2eng
_aeng
082 _aR855:g, R0
100 _aBykova Marina F. Ed.
_9596115
245 0 _aGerman idealism reader
_b ideas responsed and legacy
260 _aLondon
_bBloomsbury UK
_c2020
300 _axvi,456p.
_ccm.
650 _aPHILOSOPHY
942 _hR855:g, R0
_cTEXL
_2cc
999 _c958956
_d958956